[Event "Rochefort op-B 16th"]
[Site "Rochefort"]
[Date "2017.02.18"]
[Round "7"]
[White "Boudet, Olivier"]
[Black "Fernandez, Leon"]
[Result "0-1"]
[WhiteElo "1703"]
[BlackElo "1840"]
[PlyCount "100"]
[EventDate "2017.02.18"]
[EventType "swiss"]
[EventRounds "9"]
[EventCountry "FRA"]
[SourceTitle "CBM 177 Extra"]
[Source "ChessBase"]
[SourceDate "2017.04.27"]
[SourceVersion "1"]
[SourceVersionDate "2017.04.27"]
[SourceQuality "1"]

1. Nf3 d5 2. c4 d4 3. d3 c5 4. e3 Nc6 5. exd4 cxd4 6. g3 e5 7. Bg2 Bd6 8. 0-0 Nf6 9. b3 0-0 10. Na3 Bf5 11. h3 Nd7 12. Nh4 Be6 13. Nc2 Be7 14. Nf3 Bf5 15. a3 Nc5 16. Nfe1 Nxb3 17. Rb1 Nc5 18. Nb4 Qc8 19. Kh2 Bd6 20. f4 Bd7 21. Bd2 exf4 22. Bxf4 Bxf4 23. Rxf4 Ne6 24. Rf1 Nxb4 25. axb4 Bc6 26. Nf3 b6 27. b5 Bb7 28. Ra1 Qc7 29. Qd2 Rfd8 30. Ng5 Nxg5 31. Qxg5 Bxg2 32. Kxg2 Re8 33. Qf4 Qb7+ 34. Qf3 Re2+ 35. Rf2 Qxf3+ 36. Kxf3 Re3+ 37. Kf4 Rxd3 38. Rf3 Rd2 39. Raa3 Rc2 40. Ra4 g6 41. Rd3 Rd8 42. Ke4 f5+ 43. Ke5 Re2+ 44. Kf4 Rd7 45. Kf3 Rc2 46. g4 Rc3 47. Ra3 Rxa3 48. Rxa3 d3 49. Ra1 d2 50. Rd1 Kf7 0-1